书目信息 |
| 题名: |
真理与方法
|
|
| 作者: | 加达默尔 著 ;洪汉鼎 译 | |
| 分册: | 上卷 | |
| 出版信息: | 上海 上海译文出版社 2004 |
|
| 页数: | 491页 | |
| 开本: | 21cm | |
| 丛书名: | 二十世纪西方哲学译丛 | |
| 单 册: | ||
| 中图分类: | B089.2 | |
| 科图分类: | ||
| 主题词: | 诠释学 | |
| 电子资源: | ||
| ISBN: | 7-5327-3368-8 | |
| 000 | 01653nam0 2200373 450 | |
| 000 | 01616nam0 2200361 450 | |
| 000 | 01613nam0 2200373 450 | |
| 000 | 01559nam0 2200349 450 | |
| 000 | 01544nam0 2200337 450 | |
| 000 | 01507nam0 2200325 45 | |
| 001 | TS2006035545 | |
| 005 | 20061203170558.14 | |
| 010 | @a7-5327-3368-8@dCNY36.00 | |
| 100 | @a20060829d2004 em y0chiy0110 ea | |
| 101 | 1 | @achi@cger |
| 102 | @aCN@b310000 | |
| 105 | @aa z 000yy | |
| 200 | 1 | @a真理与方法@AZhen Li Yu Fang Fa@h上卷@HShang Juan@e哲学诠释学的基本特征@EZhe Xue Quan Shi Xue De Ji Ben Te Zheng@f(德)汉斯-格奥尔格·加达默尔(Hans-Georg Gadamer)著@F( De ) Han Si - Ge Ao Er Ge· Jia Da Mo Er (Hans-Georg Gadamer) Zhu@g洪汉鼎译 |
| 210 | @a上海@c上海译文出版社@d2004 | |
| 215 | @a491页@c照片@d21cm | |
| 225 | 2 | @a二十世纪西方哲学译丛 |
| 305 | @a台北时报文化出版企业股份有限公司授权出版 据蒂宾根J.C.B.莫尔(保罗·西贝克)出版社1986年版《加达默尔全集》第1和第2卷译出 | |
| 330 | @a本卷包括全书的前两部分:艺术经验里真理问题的展现、真理问题扩大到精神科学里的理解问题。全书的三个部分分别构成三个领域,即美学领域、历史领域和语言领域。 | |
| 410 | 0 | @12001 @a二十世纪西方哲学译丛 |
| 510 | 1 | @aWahrheit und Methode@zger |
| 517 | 1 | @a哲学诠释学的基本特征@AZhe Xue Quan Shi Xue De Ji Ben Te Zheng |
| 606 | 0 | @a诠释学 |
| 690 | @aB089.2@v4 | |
| 701 | 1 | @a加达默尔@AJia Da Mo Er@b汉斯-格奥尔格@g(Gadamar, Hans-Georg)@4著 |
| 702 | 0 | @a洪汉鼎@AHong Han Ding@4译 |
| 801 | 0 | @aCN@b中图数据@c20061203 |
| 905 | @a10447@dB089.2@e30:1 | |
| 真理与方法.上卷:哲学诠释学的基本特征/(德)汉斯-格奥尔格·加达默尔(Hans-Georg Gadamer)著/洪汉鼎译.-上海:上海译文出版社,2004 |
| 491页:照片;21cm.-(二十世纪西方哲学译丛) |
| ISBN 7-5327-3368-8:CNY36.00 |
| 本卷包括全书的前两部分:艺术经验里真理问题的展现、真理问题扩大到精神科学里的理解问题。全书的三个部分分别构成三个领域,即美学领域、历史领域和语言领域。 |
| ● |
| 相关链接 |
|
|
|
|
正题名:真理与方法
索取号:B089.2/30:1
 
预约/预借
| 序号 | 登录号 | 条形码 | 馆藏地/架位号 | 状态 | 备注 |
| 1 | 0611404 | 206114042 | 第一样本阅览室/ [索取号:B089.2/30:1] | 在馆 | |
| 2 | 0611405 | 206114051 | 第一借阅区/ [索取号:B089.2/30:1] | 在馆 |